Estética fotográfica: una selección de textos
Furkejuvvon:
| Váldodahkki: | |
|---|---|
| Materiálatiipa: | Girji |
| Giella: | espánnjágiella |
| Almmustuhtton: |
Barcelona
Gustavo Gili
2012
|
| Preanttus: | 1a. ed |
| Ráidu: | Fotografía
|
| Fáttát: | |
| Fáddágilkorat: |
Lasit fáddágilkoriid
Eai fáddágilkorat, Lasit vuosttaš fáddágilkora!
|
MARC
| LEADER | 00000cam a2200000 a 4500 | ||
|---|---|---|---|
| 001 | UCE0654 | ||
| 003 | CL-VaPUC | ||
| 008 | 140227e20120000sp |||||||||||||||||spa|d | ||
| 020 | |a 9788425219153 | ||
| 082 | 0 | 4 | |a 770.1 |b FON |2 21 |
| 100 | 0 | |a Fontcuberta, Joan |e author |9 573023 | |
| 245 | 1 | 0 | |a Estética fotográfica: una selección de textos |
| 250 | |a 1a. ed | ||
| 300 | |a 287 p | ||
| 942 | |c BK | ||
| 945 | |d 20140227 11:27:00 |a dcastane | ||
| 260 | |a Barcelona |b Gustavo Gili |c 2012 | ||
| 650 | 0 | |a Fotografía artística |9 269391 | |
| 650 | 0 | |a Estética |9 264950 | |
| 650 | 0 | |a Imágenes |9 361884 | |
| 650 | 0 | |a Crítica e interpretación |9 255042 | |
| 583 | |a last modification |c 20140227 11:27:00 |k Rodrigo Vera | ||
| 490 | 0 | |a Fotografía | |
| 999 | |c 354716 |d 354714 | ||